Highway materials and pavement testing
Guardat en:
| Autor principal: | |
|---|---|
| Format: | Llibre |
| Idioma: | anglès |
| Publicat: |
CBS Publishers
2020
|
| Etiquetes: |
Afegir etiqueta
Sense etiquetes, Sigues el primer a etiquetar aquest registre!
|
MARC
| LEADER | 00000nam a22000007a 4500 | ||
|---|---|---|---|
| 008 | 230821b |||||||| |||| 00| 0 eng d | ||
| 020 | |a 9789389185904 | ||
| 100 | |a Maharaj, DK | ||
| 245 | |a Highway materials and pavement testing |c DK Maharaj |g xii, 156p; ill | ||
| 260 | |b CBS Publishers |c 2020 |h New Delhi |i 700094 |i 700095 |l TE250.M27 |m Pavements |m Technology & engineering/construction |m Civil Engineering | ||
| 500 | |a it includes references and index | ||
| 942 | |a lcc |c BK |e Johnson |f 21/08/23 | ||
| 952 | |0 0 |1 0 |2 lcc |4 0 |6 TE0250 M27 |7 0 |9 4404 |a TL |b HOL |c QZ |d 2023-08-21 |l 0 |o TE250.M27 |p 2023-0328 |r 2023-08-21 00:00:00 |t 700093 |w 2023-08-21 |y BK | ||
| 952 | |0 0 |1 0 |2 lcc |4 0 |6 TE0250 M27 |7 0 |9 4405 |a HOL |b HOL |c QZ |d 2023-08-21 |l 0 |o TE250.M27 |p 2023-0329 |r 2023-08-21 00:00:00 |t 700094 |w 2023-08-21 |y BK | ||
| 999 | |c 2210 |d 2210 | ||